000 00253nam a22001217a 4500
008 170920b xxu||||| |||| 00| 0 eng d
041 _aeng
080 _25 ED
_a7
100 _a45
101 _aART
245 _aDRAMA
_cWORTHEN,W,B
942 _2udc
_cBK
999 _c28568
_d28568